000 00306nam a2200121Ia 4500
008 191201s2016 xx 000 0 und d
100 _aPRASAD, L.M.
245 0 _aPrinciples and Practice of Management
260 _aN. Delhi
_bSultan Chand
_c2016
300 _a536
650 _aB.Tech(CSE)
942 _2ddc
_cBK
999 _c6655
_d6655